000
00319nam a2200133Ia 4500
008
260604s9999 xx 000 0 und d
020
_a
9780674241190
082
_a
302.23 BUL
100
_a
DALIOT-BUL, MIC
_9
35235
245
0
_a
THE ANIME BOOM IN THE UNITED STATES
260
_b
HBR
500
_a
Financial
942
_c
BK
999
_c
7999
_d
7999